God's presence in history : Jewish affirmations and philosophical reflections: containing the Charles F. Deems lectures delivered at New York University in 1968 /

Bibliographic Details
Main Author: Fackenheim, Emil L.
Format: Book
Language:English
Published: New York : Harper & Row, 1972, 1970.
Series:Deems lectures ; 1968.
Subjects:

MARC

Tag First Indicator Second Indicator Subfields
LEADER 00000cam a2200000 4500
001 in00001402018
005 20151020053016.0
008 720329s19721970enk 000 0 eng d
010 |a gb 72008207   |z  79088135  
015 |a GB72-8207 
020 |a 0340117397 :  |c £2.40 
035 |a (OCoLC)01983899 
035 |9 AHM6699AM 
040 |a UKM  |c UKM  |d TXA  |d UtOrBLW 
049 |a TXAM 
082 0 0 |a 296/.08  |2 18 
090 |a BM561  |b .F2 1972 
100 1 |a Fackenheim, Emil L. 
245 1 0 |a God's presence in history :  |b Jewish affirmations and philosophical reflections: containing the Charles F. Deems lectures delivered at New York University in 1968 /  |c by Emil L. Fackenheim. 
264 1 |a New York :  |b Harper & Row,  |c 1972, 1970. 
300 |a vii, 104 pages ;  |c 22 cm. 
336 |a text  |b txt  |2 rdacontent 
337 |a unmediated  |b n  |2 rdamedia 
338 |a volume  |b nc  |2 rdacarrier 
490 1 |a The Deems lectures ;  |v 1968 
490 0 |a Harper torchbooks : TB 1690 
650 0 |a Judaism. 
650 0 |a Holocaust, Jewish (1939-1945) 
653 |a Judaism Lectures 
830 0 |a Deems lectures ;  |v 1968. 
999 |a MARS 
999 f f |s 7c9c1602-21c0-3e80-b949-af9344202f89  |i 5d3ab2a1-d4b2-3f88-9995-f3f1db0edc12  |t 0 
952 f f |p normal  |a Texas A&M University  |b College Station  |c Sterling C. Evans Library  |d Evans: Library Stacks  |t 0  |e BM561 .F2 1972  |h Library of Congress classification  |i unmediated -- volume  |m A14822136646 
998 f f |a BM561 .F2 1972  |t 0  |l Evans: Library Stacks